Dream Founder (Record no. 369488)

MARC details
000 -LEADER
fixed length control field 00436nam a2200181Ia 4500
003 - CONTROL NUMBER IDENTIFIER
control field OSt
005 - DATE AND TIME OF LATEST TRANSACTION
control field 20260108155434.0
008 - FIXED-LENGTH DATA ELEMENTS--GENERAL INFORMATION
fixed length control field 251219s9999 xx 000 0 und d
020 ## - INTERNATIONAL STANDARD BOOK NUMBER
International Standard Book Number 9780143457121
041 ## - LANGUAGE CODE
Language code of text/sound track or separate title eng
082 ## - DEWEY DECIMAL CLASSIFICATION NUMBER
Classification number 658.421
Item number NAT DB3234
100 ## - MAIN ENTRY--PERSONAL NAME
Personal name Nath D
9 (RLIN) 215958
245 ## - TITLE STATEMENT
Title Dream Founder
260 ## - PUBLICATION, DISTRIBUTION, ETC. (IMPRINT)
Name of publisher, distributor, etc. Penguin Business/India
Date of publication, distribution, etc. 2022
300 ## - PHYSICAL DESCRIPTION
Extent 237
Other physical details Paper Back
500 ## - GENERAL NOTE
Keywords Entrepreneurship
942 ## - ADDED ENTRY ELEMENTS (KOHA)
Source of classification or shelving scheme Dewey Decimal Classification
Koha item type Donated Book
Holdings
Withdrawn status Lost status Source of classification or shelving scheme Damaged status Not for loan Home library Current library Date acquired Cost, normal purchase price Total Checkouts Total Renewals Full call number Barcode Date last seen Date last checked out Cost, replacement price Bill Date Koha item type Original Barcode
    Dewey Decimal Classification     Smt. Hiraben Nanavati Institute of Management & Research for Women Smt. Hiraben Nanavati Institute of Management & Research for Women 11/12/2025 399.00 1 2 658.421 NAT DB3234 HIMR-DB-3234 25/02/2026 03/02/2026 399.00 23/12/2025 Donated Book DB3234